00406nam a2200121Ia 4500001000800000005001700008008004100025020001800066245007100084260001900155999002100174952008900195126858020260417145253.0260417s9999 xx 000 0 und d a9786256495111 0aŞahin Bey ve Gönlübollar’ın ZafericBüşra Şen Altun bKetebe Çocuk c1268580d1268580 00104070a1110b1110d2026-04-17l0p11102212r2026-04-17 14:52:53w2026-04-17yBK